[Event "Cappelle Online Rapid op"]
[Site "Europe Echecs INT"]
[Date "2021.03.06"]
[Round "4"]
[White "Auder, Benjamin"]
[Black "Le Marec, Laura"]
[Result "0-1"]
[WhiteElo "1934"]
[BlackElo "1714"]
[PlyCount "84"]
[EventDate "2021.03.06"]
[EventType "swiss (rapid)"]
[EventRounds "9"]
[EventCountry "FRA"]
[SourceTitle "CBM 201 Extra"]
[Source "ChessBase"]
[SourceDate "2021.05.31"]
[SourceVersion "1"]
[SourceVersionDate "2021.05.31"]
[SourceQuality "1"]

1. b3 d5 2. Bb2 Bf5 3. e3 Nf6 4. d4 e6 5. Bd3 Bd6 6. Bxf5 exf5 7. Qd3 Ne4 8. Qb5+ Nc6 9. Qxb7 Nb4 10. Qb5+ c6 11. Qe2 0-0 12. a3 f4 13. axb4 fxe3 14. fxe3 Qh4+ 15. Kf1 Ng3+ 16. hxg3 Qxh1 17. e4 Bxg3 18. e5 Bh2 19. Qe3 f6 20. e6 Rae8 21. Rxa7 Kh8 22. e7 Rg8 23. Nd2 Bd6 24. Qe6 Bxb4 25. Ndf3 Qh5 26. c3 Qh6 27. cxb4 Qg6 28. Qe2 Qb1+ 29. Kf2 Qf5 30. Nh3 g5 31. Kg1 g4 32. Kh2 gxh3 33. gxh3 Qf4+ 34. Kh1 Qg3 35. Qf1 Rg7 36. Rd7 Rexe7 37. Rxe7 Rxe7 38. Bc1 Rg7 39. Be3 Rg6 40. Bg1 Rh6 41. Bh2 Rxh3 42. Qxh3 Qxh3 0-1

[Event "Cappelle Online Rapid op"]
[Site "Europe Echecs INT"]
[Date "2021.03.06"]
[Round "7"]
[White "Dias Huizar, Alvaro"]
[Black "Auder, Benjamin"]
[Result "1-0"]
[WhiteElo "2409"]
[BlackElo "1934"]
[PlyCount "79"]
[EventDate "2021.03.06"]
[EventType "swiss (rapid)"]
[EventRounds "9"]
[EventCountry "FRA"]
[SourceTitle "CBM 201 Extra"]
[Source "ChessBase"]
[SourceDate "2021.05.31"]
[SourceVersion "1"]
[SourceVersionDate "2021.05.31"]
[SourceQuality "1"]

1. d4 Nc6 2. d5 Ne5 3. e4 e6 4. Nc3 Bc5 5. Nf3 Nxf3+ 6. Qxf3 e5 7. Bd2 d6 8. 0-0-0 a6 9. Be3 Bxe3+ 10. Qxe3 Ne7 11. f4 exf4 12. Qxf4 Ng6 13. Qg3 0-0 14. h4 h6 15. Be2 Ne5 16. Qf4 Qf6 17. Qxf6 gxf6 18. Rdf1 Kh7 19. Rxf6 Rg8 20. Bf3 Bg4 21. Rf1 Rg6 22. Rxg6 Kxg6 23. Bxg4 Nxg4 24. Ne2 Re8 25. Rf4 Nf6 26. Nc3 Re5 27. Kd2 h5 28. Kd3 Nd7 29. b4 Nf6 30. Ne2 Ng4 31. Ng3 f6 32. c4 Kf7 33. Nf5 Kg6 34. g3 Kf7 35. c5 dxc5 36. bxc5 Kg6 37. Kd4 Kf7 38. Ne3 Ke7 39. Nxg4 hxg4 40. Rxg4 1-0

[Event "Ville d'Orsay online Blitz"]
[Site "Europe Echecs INT"]
[Date "2021.02.07"]
[Round "7"]
[White "Stefanova, Antoaneta"]
[Black "Auder, Benjamin"]
[Result "1-0"]
[WhiteElo "2470"]
[BlackElo "1934"]
[PlyCount "47"]
[EventDate "2021.02.07"]
[EventType "swiss (blitz)"]
[EventRounds "11"]
[EventCountry "FRA"]
[SourceTitle "CBM 200 Extra"]
[Source "ChessBase"]
[SourceDate "2021.03.31"]
[SourceVersion "1"]
[SourceVersionDate "2021.03.31"]
[SourceQuality "1"]

1. d4 Nc6 2. d5 Ne5 3. e4 e6 4. f4 exd5 5. exd5 Ng6 6. Be3 Bb4+ 7. c3 Qe7 8. Qe2 Ba5 9. g3 Bb6 10. Bxb6 Qxe2+ 11. Nxe2 axb6 12. Bg2 d6 13. 0-0 Nf6 14. Nd4 0-0 15. c4 Re8 16. Nc3 Ng4 17. Ndb5 Re7 18. Rfe1 Bf5 19. Rxe7 Nxe7 20. Re1 Kf8 21. Nxc7 Rc8 22. N7b5 Rxc4 23. Nxd6 Rd4 24. Rxe7 1-0

[Event "FRA-ch Blitz Online Qual"]
[Site "Europe Echecs INT"]
[Date "2020.05.16"]
[Round "6"]
[White "Auder, Benjamin"]
[Black "Durand Le Ludec, Brendan Bubok"]
[Result "0-1"]
[WhiteElo "1934"]
[BlackElo "2205"]
[PlyCount "50"]
[EventDate "2020.05.16"]
[EventType "swiss (blitz)"]
[EventRounds "15"]
[EventCountry "FRA"]
[SourceTitle "CBM 196 Extra"]
[Source "ChessBase"]
[SourceDate "2020.07.31"]
[SourceVersion "1"]
[SourceVersionDate "2020.07.31"]
[SourceQuality "1"]

1. c4 Nf6 2. Nc3 g6 3. g3 Bg7 4. Bg2 0-0 5. e3 d6 6. Nge2 Nc6 7. 0-0 e5 8. Rb1 a5 9. a3 Be6 10. d3 d5 11. cxd5 Nxd5 12. Qc2 f5 13. Nxd5 Bxd5 14. Nc3 Bxg2 15. Kxg2 Qd7 16. Rd1 Kh8 17. Na4 b6 18. Bd2 f4 19. exf4 exf4 20. Bxf4 Rxf4 21. gxf4 Qg4+ 22. Kh1 Qf3+ 23. Kg1 Nd4 24. Qd2 Ne2+ 25. Kf1 Re8 0-1

[Event "FRA-ch Blitz Online Qual"]
[Site "Europe Echecs INT"]
[Date "2020.05.16"]
[Round "2"]
[White "Auder, Benjamin"]
[Black "Guezennec, Franck"]
[Result "0-1"]
[WhiteElo "1934"]
[BlackElo "2272"]
[PlyCount "52"]
[EventDate "2020.05.16"]
[EventType "swiss (blitz)"]
[EventRounds "15"]
[EventCountry "FRA"]
[SourceTitle "CBM 196 Extra"]
[Source "ChessBase"]
[SourceDate "2020.07.31"]
[SourceVersion "1"]
[SourceVersionDate "2020.07.31"]
[SourceQuality "1"]

1. c4 c5 2. Nc3 Nc6 3. g3 g6 4. Bg2 Bg7 5. e3 Bxc3 6. bxc3 Qc7 7. Ne2 b6 8. 0-0 Bb7 9. d3 d6 10. e4 e6 11. f4 Nge7 12. Be3 0-0-0 13. Bh3 f5 14. g4 Kb8 15. exf5 exf5 16. Ng3 fxg4 17. Bxg4 h5 18. Bf3 h4 19. Ne4 Nf5 20. Bd2 h3 21. Kh1 Nh4 22. Bg4 Na5 23. Qe2 Rde8 24. Bxh3 Nxc4 25. Bc1 Nf5 26. Bxf5 gxf5 0-1

[Event "FRA-ch Blitz Online Qual"]
[Site "Europe Echecs INT"]
[Date "2020.05.16"]
[Round "4"]
[White "Auder, Benjamin"]
[Black "Saada, Julien"]
[Result "0-1"]
[WhiteElo "1934"]
[BlackElo "2250"]
[PlyCount "110"]
[EventDate "2020.05.16"]
[EventType "swiss (blitz)"]
[EventRounds "15"]
[EventCountry "FRA"]
[SourceTitle "CBM 196 Extra"]
[Source "ChessBase"]
[SourceDate "2020.07.31"]
[SourceVersion "1"]
[SourceVersionDate "2020.07.31"]
[SourceQuality "1"]

1. c4 e6 2. Nf3 d5 3. e3 Nf6 4. b3 Be7 5. Bb2 b6 6. Be2 Bb7 7. 0-0 0-0 8. d3 c5 9. Nbd2 Nc6 10. Ne5 Nxe5 11. Bxe5 Bd6 12. Bxd6 Qxd6 13. Qc2 Rad8 14. Rad1 e5 15. Bf3 Rfe8 16. cxd5 Nxd5 17. Nc4 Qc7 18. a3 Rd7 19. Rd2 Red8 20. Rfd1 f6 21. Nb2 Ba6 22. h3 Ne7 23. d4 cxd4 24. Qxc7 Rxc7 25. exd4 Rcd7 26. g3 Rxd4 27. Rxd4 Rxd4 28. Rxd4 exd4 29. Be4 Kf7 30. Bd3 Bxd3 31. Nxd3 Ke6 32. f3 a5 33. Kf2 g5 34. Ke2 Kd5 35. Kd2 Nf5 36. g4 Nh4 37. Ne1 Ng6 38. Ng2 Ke5 39. Kd3 Kd5 40. b4 axb4 41. axb4 Ne5+ 42. Ke2 Kc4 43. f4 Nc6 44. fxg5 fxg5 45. h4 h6 46. h5 Ne5 47. Ne1 Kxb4 48. Nc2+ Kc3 49. Na3 d3+ 50. Kd1 Nxg4 51. Nb5+ Kb4 52. Nd4 Kc4 53. Nf5 Kc3 54. Kc1 d2+ 55. Kd1 Nf2+ 0-1